Tvor společenský /
Uložené v:
| Hlavní autori: | , |
|---|---|
| Ďalší autori: | |
| Médium: | Kniha |
| Jazyk: | Czech English |
| Vydané: |
Praha :
Wolters Kluwer ČR,
2012.
|
| Vydanie: | V ČR 1. vyd |
| Témy: | |
| ISBN: |
9788073578916 (brož.) |
| Fyzický popis: |
xvii, 473 s. ; 24 cm. |
| Tagy: |
Pridať tag
Žiadne tagy, Buďte prvý kto otaguje tento záznam!
|
Titul je dostupný aj v ... 

MARC
| LEADER | 00000nam a2200000 a 4500 | ||
|---|---|---|---|
| 001 | 000423650 | ||
| 005 | 20131017082006.0 | ||
| 008 | 121030s2012 xr e 001 0 cze d | ||
| 020 | |a 9788073578916 (brož.) | ||
| 040 | |a SVKKK |b slo |c SVKKK |e AACR2 | ||
| 041 | 1 | |a cze |h eng | |
| 044 | |a xr |c CZ | ||
| 072 | 7 | |a 316.4/.7 |x Sociálne interakcie |2 konspekt | |
| 080 | |a 316.6 |2 2001 | ||
| 080 | |a 316.6:001.891 |2 2001 | ||
| 080 | |a (075) |2 2001 | ||
| 100 | 1 | |a Aronson, Elliot, |d 1932- | |
| 240 | 1 | 4 | |a The social animal. |l Česky |
| 245 | 1 | 0 | |a Tvor společenský / |c Elliot Aronson a Joshua Aronson ; [překlad Božena Švehlová]. |
| 250 | |a V ČR 1. vyd | ||
| 260 | |a Praha : |b Wolters Kluwer ČR, |c 2012. | ||
| 300 | |a xvii, 473 s. ; |c 24 cm. | ||
| 500 | |a Celkove 11. vyd. | ||
| 500 | |a Preklad z angl. orig. | ||
| 500 | |a Údaj o prekl. prevzatý z rubu titul. strany | ||
| 500 | |a Slovník | ||
| 500 | |a Poznámky | ||
| 504 | |a Register: s. 468-473 | ||
| 650 | 0 | 7 | |a sociálna psychológia |2 SVKKKPH |
| 650 | 0 | 7 | |a sociálnopsychologický výskum |2 SVKKKPH |
| 655 | 7 | |a učebnice |2 SVKKKPH | |
| 700 | 1 | |a Aronson, Joshua, |d 1932- |4 aut | |
| 700 | 1 | |a Švehlová, Božena |4 trl | |
| 765 | 0 | |t Social animal. Česky |a Aronson, Elliot, 1932- | |
| 910 | |a svkkk | ||
| 919 | |a 978-80-7357-891-6 | ||
| 998 | |a BK | ||
| 090 | |g SCKHL |k Sklad Hlavná 10 prízemie |a IV.217885 |j 1047462 |i 2720289692 |s Absenčne | ||